<?xml version="1.0" encoding="UTF-8"?>
<record
    xmlns:xsi="http://www.w3.org/2001/XMLSchema-instance"
    xsi:schemaLocation="http://www.loc.gov/MARC21/slim http://www.loc.gov/standards/marcxml/schema/MARC21slim.xsd"
    xmlns="http://www.loc.gov/MARC21/slim">

  <leader>02498cam a22003258a 4500</leader>
  <controlfield tag="001">17001142</controlfield>
  <controlfield tag="005">20141111153252.0</controlfield>
  <controlfield tag="008">111012t2013    xxua   frb    001 0 eng d</controlfield>
  <datafield tag="010" ind1=" " ind2=" ">
    <subfield code="a">2011042535</subfield>
  </datafield>
  <datafield tag="020" ind1=" " ind2=" ">
    <subfield code="a">9781605470283 (alk. paper)</subfield>
  </datafield>
  <datafield tag="020" ind1=" " ind2=" ">
    <subfield code="a">1605470287</subfield>
  </datafield>
  <datafield tag="035" ind1=" " ind2=" ">
    <subfield code="a">(DNLM)101570916</subfield>
  </datafield>
  <datafield tag="040" ind1=" " ind2=" ">
    <subfield code="a">DNLM/DLC</subfield>
    <subfield code="c">DLC</subfield>
    <subfield code="d">EG-ScBUE</subfield>
  </datafield>
  <datafield tag="082" ind1="0" ind2="0">
    <subfield code="a">618.92</subfield>
    <subfield code="2">22</subfield>
    <subfield code="b">KYL</subfield>
  </datafield>
  <datafield tag="100" ind1="1" ind2=" ">
    <subfield code="a">Kyle, Terri</subfield>
    <subfield code="9">19969</subfield>
  </datafield>
  <datafield tag="245" ind1="1" ind2="0">
    <subfield code="a">Essentials of pediatric nursing /</subfield>
    <subfield code="c">Terri Kyle, Susan Carman.</subfield>
  </datafield>
  <datafield tag="250" ind1=" " ind2=" ">
    <subfield code="a">2nd ed.</subfield>
  </datafield>
  <datafield tag="260" ind1=" " ind2=" ">
    <subfield code="a">Philadelphia, United States :</subfield>
    <subfield code="b">Wolters Kluwer / Lippincott Williams &amp; Wilkins Health,</subfield>
    <subfield code="c">c.2013.</subfield>
  </datafield>
  <datafield tag="300" ind1=" " ind2=" ">
    <subfield code="a">xli, 1219 p. :</subfield>
    <subfield code="b">ill. (col.) ;</subfield>
    <subfield code="c">29 cm.</subfield>
  </datafield>
  <datafield tag="500" ind1=" " ind2=" ">
    <subfield code="a">Index : p. 1191-1219.</subfield>
  </datafield>
  <datafield tag="500" ind1=" " ind2=" ">
    <subfield code="a">Includes appendixes.</subfield>
  </datafield>
  <datafield tag="504" ind1=" " ind2=" ">
    <subfield code="a">Includes bibliographical references.</subfield>
  </datafield>
  <datafield tag="505" ind1="0" ind2=" ">
    <subfield code="a">Introduction to child health and pediatric nursing-Factors influencing child health-Growth and development of the newborn and infant-Growth and development of the toddler-Growth and development of the preschooler-Growth and development of the school-age child-Growth and development of the adolescent-Atraumatic and family-centered care of children-Health supervision-Health assessment of children-Caring for children in diverse settings-Caring for the special needs child-Key pediatric nursing interventions-Pain management in children-Nursing care of the child with an infectious or communicable disorder-Nursing care of the child with a neurologic disorder-Nursing care of the child with a disorder of the eyes or ears-Nursing care of the child with a respiratory disorder-</subfield>
  </datafield>
  <datafield tag="505" ind1="0" ind2=" ">
    <subfield code="a">Nursing care of the child with a cardiovascular disorder-Nursing care of the child with a gastrointestinal disorder-Nursing care of the child with a genitourinary disorder-Nursing care of the child with a neuromuscular disorder-Nursing care of the child with a musculoskeletal disorder-Nursing care of the child with an integumentary disorder-Nursing care of the child with a hematologic disorder-Nursing care of the child with an immunologic disorder-Nursing care of the child with an endocrine disorder-Nursing care of the child with a neoplastic disorder-Nursing care of the child with a genetic disorder-Nursing care of the child with a cognitive or mental health disorder-Nursing care during a pediatric emergency.</subfield>
  </datafield>
  <datafield tag="650" ind1=" " ind2="0">
    <subfield code="a">Pediatric nursing</subfield>
    <subfield code="9">19967</subfield>
  </datafield>
  <datafield tag="653" ind1=" " ind2=" ">
    <subfield code="b">NNUR</subfield>
    <subfield code="c">November2014</subfield>
  </datafield>
  <datafield tag="655" ind1=" " ind2=" ">
    <subfield code="v">reading book</subfield>
    <subfield code="9">34232</subfield>
  </datafield>
  <datafield tag="700" ind1="1" ind2=" ">
    <subfield code="a">Carman, Susan</subfield>
    <subfield code="9">32495</subfield>
  </datafield>
  <datafield tag="942" ind1=" " ind2=" ">
    <subfield code="2">ddc</subfield>
    <subfield code="k">618.92 KYL</subfield>
  </datafield>
  <datafield tag="999" ind1=" " ind2=" ">
    <subfield code="c">18600</subfield>
    <subfield code="d">18572</subfield>
  </datafield>
  <datafield tag="952" ind1=" " ind2=" ">
    <subfield code="0">0</subfield>
    <subfield code="1">0</subfield>
    <subfield code="2">ddc</subfield>
    <subfield code="4">0</subfield>
    <subfield code="7">0</subfield>
    <subfield code="8">Baccah</subfield>
    <subfield code="a">MAIN</subfield>
    <subfield code="b">MAIN</subfield>
    <subfield code="c">1ST</subfield>
    <subfield code="d">2014-11-11</subfield>
    <subfield code="e">purchase</subfield>
    <subfield code="g">635.00</subfield>
    <subfield code="h">20677</subfield>
    <subfield code="l">4</subfield>
    <subfield code="m">71</subfield>
    <subfield code="o">618.92 KYL</subfield>
    <subfield code="p">000036980</subfield>
    <subfield code="r">2025-07-15 00:00:00</subfield>
    <subfield code="s">2019-10-15</subfield>
    <subfield code="v">793.75</subfield>
    <subfield code="y">BB</subfield>
  </datafield>
</record>
